000 00270nam a2200109Ia 4500
008 190216s9999||||xx |||||||||||||| ||und||
100 _aBrij Lal
245 0 _aMedical Entrance Examination Guide Physic
260 _bEurasia Pub-Ltd
650 _aReferences
942 _cREF
999 _c36121
_d36121